| 000 | 00415nam a2200169Ia 4500 | ||
|---|---|---|---|
| 999 |
_c421 _d421 |
||
| 003 | OSt | ||
| 005 | 20210909114608.0 | ||
| 008 | 190216s9999||||xx |||||||||||||| ||und|| | ||
| 040 | _coclc | ||
| 082 |
_a892.78 _bDIL/S |
||
| 100 | _aNull | ||
| 245 | 0 | _aSheuhil Hind / | |
| 260 | _bDilip Kumar Mukherjee, | ||
| 300 | _a24p | ||
| 650 | _aArabic | ||
| 942 |
_cBK _2ddc _h892.78 _iDIL/S _k892.78 _mDIL/S |
||